Real-Life Decision-Making.

Bibliographic Details
Main Author: Danielson, Mats.
Other Authors: Ekenberg, Love.
Format: eBook
Language:English
Published: Milton : Taylor & Francis Group, 2023.
Edition:1st ed.
Subjects:
Online Access:Click to View
LEADER 01407nam a22003613i 4500
001 EBC7270872
003 MiAaPQ
005 20231204023229.0
006 m o d |
007 cr cnu||||||||
008 231204s2023 xx o ||||0 eng d
020 |a 9781000936940  |q (electronic bk.) 
020 |z 9781032524382 
035 |a (MiAaPQ)EBC7270872 
035 |a (Au-PeEL)EBL7270872 
035 |a (OCoLC)1395184073 
040 |a MiAaPQ  |b eng  |e rda  |e pn  |c MiAaPQ  |d MiAaPQ 
100 1 |a Danielson, Mats. 
245 1 0 |a Real-Life Decision-Making. 
250 |a 1st ed. 
264 1 |a Milton :  |b Taylor & Francis Group,  |c 2023. 
264 4 |c Ã2024. 
300 |a 1 online resource (141 pages) 
336 |a text  |b txt  |2 rdacontent 
337 |a computer  |b c  |2 rdamedia 
338 |a online resource  |b cr  |2 rdacarrier 
588 |a Description based on publisher supplied metadata and other sources. 
590 |a Electronic reproduction. Ann Arbor, Michigan : ProQuest Ebook Central, 2023. Available via World Wide Web. Access may be limited to ProQuest Ebook Central affiliated libraries.  
655 4 |a Electronic books. 
700 1 |a Ekenberg, Love. 
776 0 8 |i Print version:  |a Danielson, Mats  |t Real-Life Decision-Making  |d Milton : Taylor & Francis Group,c2023  |z 9781032524382 
797 2 |a ProQuest (Firm) 
856 4 0 |u https://ebookcentral.proquest.com/lib/matrademy/detail.action?docID=7270872  |z Click to View